01096nam a2200301 a 4500999001900000001000800019003000500027005001700032008004100049010001700090020003100107038001200138040001800150050002100168082001500189100002900204245008300233260009000316300002800406440006000434500001700494504002800511650002900539710007700568906004500645942001200690952009200702 c529478d5294784279925NUST20190926141015.0850617s1985 dcua b 000 0 eng  a 85051373  a0309040019 (pbk.) :c$8.00 aMSOHAIL aDLCcDLCdDLC00aTG305b.M27 198500a624.282191 aManning, David G.92149710aDetecting defects and deterioration in highway structures /cDavid G. Manning. aWashington, D.C. :bTransportation Research Board, National Research Council,c[1985] a52 p. :bill. ;c28 cm. 0aSynthesis of highway practice,x0547-5570 ;v118921625 a"July 1985." aBibliography: p. 42-47. 0aBridgesxTesting.9216262 aNational Research Council (U.S.).bTransportation Research Board.919676 a7bcbccorignewd3eocipf19gy-gencatlg 2ddccBK 00102ddc4070aNITbNITd2019-09-26l0o624.28pNIT-10931r2019-09-26w2019-09-26yBK